000 00614nam a22001937a 4500
999 _c195312
_d195312
005 20230317115525.0
010 _aENG-136461
020 _a9788123418078
_c300.00
035 _aEN-119993
037 _bDBAD/PUB
082 _a510
100 _aPerelman, Y
245 _aMathematics Can Be Fun /
_cBy Y Perelman
250 _aSecond
260 _bNew Century Book House (P) Ltd
_aChennai
_c2020
270 _a41-B Sidco Industrial Estate, Ambattur
_bChennai
_e600098
_k26258410
_k26251968
_k26359906
_mncbhbook@yahoo.co.in
300 _axii388p.;
_c24cm(hbk)
_bill.
942 _2ddc
_cEN
_h510
_mYPE